000
00321nam a22001217a 4500
008
160421b xxu||||| |||| 00| 0 eng d
020
_a
9780323014069
020
_a
0323014062
041
_a
eng
080
_a
618.2
245
_a
Clinical nursing skills techniques:
_c
Anne Griffin Perry; Patrica A. Potter;
942
_2
udc
_c
BK
999
_c
1487
_d
1487